00978nam a2200229 4500001000700000003000900007007000300016008004100019100002900060245024800089260004000337300004600377700003000423700002500453700002600478700002600504700002600530700003100556852002100587999001900608952012100627148099ES-MaACLt|070214s1985 sp r ||||1| spa d1 aStirling, James.910823310aJames Stirling, Michael Wilford y asociados b: obras y proyectos /cJames Stirling, Michael Wilford y asociados ; introducción por Colin Rowe ; Peter Arnell y Ted Bickford, eds. ; traducción castellana de Jaume Freixa y Santiago Castán. aBarcelona : bGustavo Gili, c1985. a346 p., 2 h. de lám. : bil. ; c29 cm.1 aWilford, Michael.91168381 aRowe, Colin.91001751 aArnell, Peter.9230861 aBickford, Ted.9287831 aFreixa, Jaume.9524731 aCastán, Santiago.936387 aES-MaACLjL-9762 c148099d148099 00104070aATENEOMbATENEOMcDEPO2d2008-01-17eSCl0oL-9762p1154556r2023-02-23 00:00:00w2023-02-23yMONOGRAFIA